Con los pobres de la tierra: la justicia social en los profetas de Israel

Shranjeno v:
Bibliografske podrobnosti
Glavni avtor: Sicre Díaz, José Luis (Author)
Format: Knjiga
Jezik:španščina
Izdano: Madrid Cristiandad 1984
Izdaja:1a. ed
Teme:
Oznake: Označite
Brez oznak, prvi označite!

MARC

LEADER 00000cam a2200000 a 4500
001 UCX0206
003 CL-VaPUC
008 890828e19840000SP |||||||||||||||||spa|d
020 |a 8470573640 
082 0 4 |a 221.66  |b SIC  |2 21 
100 0 |a Sicre Díaz, José Luis  |e author  |9 315588 
245 1 0 |a Con los pobres de la tierra: la justicia social en los profetas de Israel 
250 |a 1a. ed 
300 |a 506 p 
942 |c BK 
945 |d 19890828 00:00:00 
260 |a Madrid  |b Cristiandad  |c 1984 
650 0 |a Biblia  |9 257603 
650 0 |a Antiguo testamento   |9 313678 
650 7 |a COMENTARIOS  |2 CL-VaPUC  |9 313567 
583 |a last modification  |c 20170628 11:31:39  |k Rodrigo Vera 
999 |c 221882  |d 221880 
952 |0 0  |1 0  |4 0  |6 221_660000000000000_SIC_1984  |7 0  |8 A  |9 215907  |a BIBTEO  |b BIBTEO  |d 2019-11-15  |i 2844729  |o 221.66 SIC 1984  |p 2844729  |r 2025-01-17  |w 2019-11-15  |y BK  |k ICR 
952 |0 0  |1 0  |3 erd  |4 0  |6 221_660000000000000_SIC_1984  |7 0  |8 A  |9 215908  |a BIBTEO  |b BIBTEO  |i 5398045  |o 221.66 SIC 1984  |p 5398045  |r 2025-01-17  |w 2019-11-15  |y BK  |z Catalogado en:20170616  |k ICR